01313nam a2200325Ia 4500001001200000003000800012006001900020007001500039008004100054010001700095020002800112040002100140035002000161050002900181082001800210100001800228245009100246250001200337260005100349300002600400490004300426504006400469533015200533650003800685650004800723655002900771710001700800830004400817856012600861ebr10078511CaPaEBRm u cr cn|||||||||040920s2005 maua sb 001 0 eng d z 2004022221 z1584503645 (alk. paper) aCaPaEBRcCaPaEBR a(OCoLC)7077401714aQA76.76.D47bS315 2005eb04a005.1/0682221 aSchuh, Peter.10aIntegrating agile development in the real worldh[electronic resource] /cPeter Schuh. a1st ed. aHingham, Mass. :bCharles River Media,cc2005. axviii, 346 p. :bill.1 aCharles River Media programming series aIncludes bibliographical references (p. 333-336) and index. aElectronic reproduction.bPalo Alto, Calif. :cebrary,d2009.nAvailable via World Wide Web.nAccess may be limited to ebrary affiliated libraries. 0aComputer programmingxManagement. 0aComputer softwarexDevelopmentxManagement. 7aElectronic books.2local2 aebrary, Inc. 0aCharles River Media programming series.40uhttp://site.ebrary.com/lib/rucke/Doc?id=10078511zAn electronic book accessible through the World Wide Web; click to view